000 00867nam a2200265 a 4500
001 63956
003 BD-RjUL
005 20211209081245.0
008 170206s1990 ii b 101 0 eng
035 _a(BD-RjUL)64086
040 _aDLC
_cDLC
_dBD-RjUL
_beng
041 _aeng
082 _223
_a337
_bSOU 1990
245 1 0 _aSouth Asia and world capitalism /
_cedited by Sugata Bose.
260 _aDelhi :
_bOxford University Press,
_cc1990.
300 _axii, 405 p. ;
_c23 cm.
500 _aIncludes index.
504 _aIncludes bibliographical references (p. [367]-392).
650 0 _aInternational economic relations
_xCongresses.
_9189916
650 0 _aCapitalism
_xCongresses.
_9174115
651 0 _aSouth Asia
_xEconomic conditions
_xCongresses.
_9189917
700 1 _aBose, Sugata,
_d1956-
_9189918
710 2 _aTufts University.
_9189919
942 _2ddc
_cBK
999 _c63956
_d63956